2025 NBA All-Star Team - Statistics

General Stats
  • This quiz has been taken 54 times
  • The average score is 25 of 26
Answer Stats
Team Position Player % Correct
Detroit Pistons G Cade Cunningham
100%
Milwaukee Bucks F Giannis Antetokounmpo*
100%
Boston Celtics F Jaylen Brown
100%
Boston Celtics F Jayson Tatum
100%
New York Knicks C Karl-Anthony Towns
100%
Los Angeles Lakers F LeBron James*
100%
Denver Nuggets C Nikola Jokić
100%
Oklahoma City Thunder G Shai Gilgeous-Alexander
100%
Golden State Warriors G Stephen Curry
100%
Minnesota Timberwolves G Anthony Edwards*
98%
Cleveland Cavaliers G Daruis Garland
98%
Cleveland Cavaliers G Donovan Mitchell
98%
Cleveland Cavaliers F Evan Mobley
98%
New York Knicks G Jalen Brunson
98%
Miami Heat G Tyler Herro
98%
San Antonio Spurs C Victor Wembanyama
98%
Milwaukee Bucks G Damian Lillard
96%
Phoenix Suns F Kevin Durant
96%
Indiana Pacers F Pascal Siakam
96%
Atlanta Hawks G Trae Young*
96%
Houston Rockets C Alperen Şengün
92%
Oklahoma City Thunder F Jalen Williams
92%
Dallas Mavericks F Anthony Davis*
90%
Memphis Grizzlies F Jaren Jackson Jr.
90%
Dallas Mavericks G Kyrie Irving*
90%
Los Angeles Clippers G James Harden
88%
No matching quizzes found
Score Distribution
Percent of People with Each Score
Percentile by Number Answered
Your Score History
You have not taken this quiz